000 00464nam a22001817a 4500
003 CEME
005 20210628202028.0
008 210128b xxu||||| |||| 00| 0 eng d
020 _a1-84135-064-8
040 _c.
082 _a823.008 BLY
100 _aBlyton, Enid
_911689
245 _aMr meddle's bicycle and other stories
260 _aLONDON
_bAWARD PUBLICATION
_c2002
300 _a192P
650 _aENGLISH LITERATURE-STORIES
_91860
942 _cBK
_2ddc
999 _c568198
_d568198